000 00718nam a2200217 a 4500
999 _c2664
_d2664
001 2664
003 BD-JhCC
005 20171105194412.0
008 171105s1965 bg |||| ||a| 000 0 ben d
035 _a(BD-JhCC)2664
040 _aBD-JhCC
_dBD-JhCC
041 _aben
082 _a491.445
_bKHA 1965
100 _aখলীল, মুহাম্মদ ইব্রাহীম
245 _aমাধ্যমিক বাংলা ব্যাকরণ /
_cমুহাম্মদ ইব্রাহীম খলীল,
260 _aঢাকা :
_bআহমদ পাবলিশিং হাউস,
_c1965
300 _a196 p. :
_c18 cm.
650 _aBengali Grammar
942 _2ddc
_cBK